000 00309nam a2200121Ia 4500
008 190216s9999||||xx |||||||||||||| ||und||
100 _aJeevanandam
245 0 _aObjective Type Questions In Banking Law And Practice
260 _bPremier Pub House
_c1983
300 _a74p
650 _aBanking
942 _cREF
999 _c35436
_d35436